<?xml version="1.0" encoding="UTF-8"?>
<record
    xmlns:xsi="http://www.w3.org/2001/XMLSchema-instance"
    xsi:schemaLocation="http://www.loc.gov/MARC21/slim http://www.loc.gov/standards/marcxml/schema/MARC21slim.xsd"
    xmlns="http://www.loc.gov/MARC21/slim">

  <leader>00347nam a22001577a 4500</leader>
  <controlfield tag="003">SGT</controlfield>
  <datafield tag="020" ind1=" " ind2=" ">
    <subfield code="a">978-93-86478-67-2</subfield>
  </datafield>
  <datafield tag="082" ind1=" " ind2=" ">
    <subfield code="a">618.92</subfield>
    <subfield code="b">C17G</subfield>
  </datafield>
  <datafield tag="100" ind1=" " ind2=" ">
    <subfield code="a">GUPTA , PIYUSH</subfield>
  </datafield>
  <datafield tag="245" ind1=" " ind2=" ">
    <subfield code="a">CLINICAL METHODS IN PEDIATRICS</subfield>
  </datafield>
  <datafield tag="250" ind1=" " ind2=" ">
    <subfield code="a">4TH</subfield>
  </datafield>
  <datafield tag="260" ind1=" " ind2=" ">
    <subfield code="a">INDIA </subfield>
    <subfield code="b">CBS PUB </subfield>
    <subfield code="c">2017</subfield>
  </datafield>
  <datafield tag="300" ind1=" " ind2=" ">
    <subfield code="a">665</subfield>
  </datafield>
  <datafield tag="650" ind1=" " ind2=" ">
    <subfield code="a">PEDIATRICS </subfield>
  </datafield>
  <datafield tag="942" ind1=" " ind2=" ">
    <subfield code="2">ddc</subfield>
    <subfield code="c">BK</subfield>
    <subfield code="0">79</subfield>
  </datafield>
  <datafield tag="952" ind1=" " ind2=" ">
    <subfield code="0">0</subfield>
    <subfield code="1">0</subfield>
    <subfield code="2">ddc</subfield>
    <subfield code="4">0</subfield>
    <subfield code="7">0</subfield>
    <subfield code="8">MEDICAL</subfield>
    <subfield code="a">FM</subfield>
    <subfield code="b">FM</subfield>
    <subfield code="c">TXT</subfield>
    <subfield code="d">2019-08-05</subfield>
    <subfield code="e">ABC DELHI </subfield>
    <subfield code="g">775.00</subfield>
    <subfield code="i">SGTU</subfield>
    <subfield code="l">51</subfield>
    <subfield code="m">2</subfield>
    <subfield code="o">618.92 C17G</subfield>
    <subfield code="p">FM11766</subfield>
    <subfield code="r">2026-03-20 00:00:00</subfield>
    <subfield code="s">2026-03-19</subfield>
    <subfield code="w">2019-07-03</subfield>
    <subfield code="y">BK</subfield>
    <subfield code="k">11141</subfield>
  </datafield>
  <datafield tag="952" ind1=" " ind2=" ">
    <subfield code="0">0</subfield>
    <subfield code="1">0</subfield>
    <subfield code="2">ddc</subfield>
    <subfield code="4">0</subfield>
    <subfield code="7">0</subfield>
    <subfield code="8">MEDICAL</subfield>
    <subfield code="a">FM</subfield>
    <subfield code="b">FM</subfield>
    <subfield code="c">TXT</subfield>
    <subfield code="d">2019-08-05</subfield>
    <subfield code="e">ABC DELHI </subfield>
    <subfield code="g">775.00</subfield>
    <subfield code="i">SGTU</subfield>
    <subfield code="l">31</subfield>
    <subfield code="o">618.92 C17G</subfield>
    <subfield code="p">FM11767</subfield>
    <subfield code="r">2025-03-18 00:00:00</subfield>
    <subfield code="s">2025-03-17</subfield>
    <subfield code="w">2019-07-03</subfield>
    <subfield code="y">BK</subfield>
    <subfield code="k">11141</subfield>
  </datafield>
  <datafield tag="952" ind1=" " ind2=" ">
    <subfield code="0">0</subfield>
    <subfield code="1">0</subfield>
    <subfield code="2">ddc</subfield>
    <subfield code="4">0</subfield>
    <subfield code="7">0</subfield>
    <subfield code="8">MEDICAL</subfield>
    <subfield code="a">FM</subfield>
    <subfield code="b">FM</subfield>
    <subfield code="c">TXT</subfield>
    <subfield code="d">2019-08-05</subfield>
    <subfield code="e">ABC DELHI </subfield>
    <subfield code="g">775.00</subfield>
    <subfield code="i">SGTU</subfield>
    <subfield code="l">3</subfield>
    <subfield code="o">618.92 C17G</subfield>
    <subfield code="p">FM11768</subfield>
    <subfield code="r">2024-06-11 00:00:00</subfield>
    <subfield code="s">2024-06-10</subfield>
    <subfield code="w">2019-07-03</subfield>
    <subfield code="y">BK</subfield>
    <subfield code="k">11141</subfield>
  </datafield>
  <datafield tag="952" ind1=" " ind2=" ">
    <subfield code="0">0</subfield>
    <subfield code="1">0</subfield>
    <subfield code="2">ddc</subfield>
    <subfield code="4">0</subfield>
    <subfield code="7">0</subfield>
    <subfield code="8">MEDICAL</subfield>
    <subfield code="a">FM</subfield>
    <subfield code="b">FM</subfield>
    <subfield code="c">TXT</subfield>
    <subfield code="d">2019-08-05</subfield>
    <subfield code="e">ABC DELHI </subfield>
    <subfield code="g">775.00</subfield>
    <subfield code="i">SGTU</subfield>
    <subfield code="l">30</subfield>
    <subfield code="o">618.92 C17G</subfield>
    <subfield code="p">FM11769</subfield>
    <subfield code="r">2026-04-29 00:00:00</subfield>
    <subfield code="s">2026-04-09</subfield>
    <subfield code="w">2019-07-03</subfield>
    <subfield code="y">BK</subfield>
    <subfield code="k">11141</subfield>
  </datafield>
  <datafield tag="952" ind1=" " ind2=" ">
    <subfield code="0">0</subfield>
    <subfield code="1">0</subfield>
    <subfield code="2">ddc</subfield>
    <subfield code="4">0</subfield>
    <subfield code="7">0</subfield>
    <subfield code="8">MEDICAL</subfield>
    <subfield code="a">FM</subfield>
    <subfield code="b">FM</subfield>
    <subfield code="c">TXT</subfield>
    <subfield code="d">2019-08-05</subfield>
    <subfield code="e">ABC DELHI </subfield>
    <subfield code="g">775.00</subfield>
    <subfield code="i">SGTU</subfield>
    <subfield code="l">28</subfield>
    <subfield code="o">618.92 C17G</subfield>
    <subfield code="p">FM11770</subfield>
    <subfield code="r">2025-03-31 00:00:00</subfield>
    <subfield code="s">2025-03-19</subfield>
    <subfield code="w">2019-07-03</subfield>
    <subfield code="y">BK</subfield>
    <subfield code="k">11141</subfield>
  </datafield>
  <datafield tag="999" ind1=" " ind2=" ">
    <subfield code="c">18769</subfield>
    <subfield code="d">18769</subfield>
  </datafield>
</record>
